=LDR 00000nam 2200000 4500 =001 INLIS000000000039059 =005 20141208134248.0 =006 =007 =008 ind =035 ##$$0010-061300000039059 =041 ##$$a ind =082 ##$$a 346.02 =090 ##$$a 346.02, Suk m =100 ##$$a SUKANDAR, Dadang =245 ##$$a Membuat surat perjanjian, Dadang sukandar;Editor,Maria agustina s =260 ##$$a 2011 $b Yogyakarta =300 ##$$a 161 Hlm, 23 cm =650 ##$$a KONTRAK - SURAT PERJANJIAN =700 ##$$a AGUSTINA S, maria =850 ##$$a NBPNMAT =990 ##$$a 0001/BPAP-NTB/20142014 =990 ##$$a 0001/BPAP-NTB/20142014 =990 ##$$a 0001/BPAP-NTB/20142014 =990 ##$$a 0064/BPAP-NTB/2015 =990 ##$$a 0065/BPAP-NTB/2015